000 00555nam a2200217Ia 4500
003 OSt
005 20240506055807.0
008 210329s9999||||xx |||||||||||||| ||und||
020 _a8178296357
040 _cSTCPL
041 _aENG
082 _a070.07
_bBOB-K
100 _aFranklin, Bob ...[et al]
245 0 _aKey concepts in journalism studies /
_cby Bob Franklin ...[et al]
260 _aNew Delhi :
_bVistaar Publications ,
_c2005 .
300 _a362 p.
_bPB
650 _ajournalism
650 _aAdvertising
942 _cBK
942 _2ddc
999 _c53989
_d53989